| 000 | 00881nam a2200253 i 4500 | ||
|---|---|---|---|
| 001 | 185726 | ||
| 003 | SpMaBN | ||
| 005 | 20250811235150.0 | ||
| 008 | 160804s2001 sp abo |||| | eng d | ||
| 020 | _a0-500-28265-X | ||
| 080 | _a7.031.26(364)(091) | ||
| 100 | 1 |
_aMegaw, Ruth. _9160323 |
|
| 245 | 1 | 0 |
_aCeltic art _b: from its beginnings to the Book of Kells / _cRuth and Vincent Megaw. |
| 250 | _aRev. and expanded ed. | ||
| 260 |
_aLondon : _bThames & Hudson, _c2001 ( _eSpain : _fArtes Gráf. Toledo) |
||
| 300 |
_a312 p. : _bil. col. y n., fot. ; _c25 x 19 cm. |
||
| 500 | _aÍndice. | ||
| 504 | _aBibliografía: p. 279-299. | ||
| 599 | _aEn contracub.: "With 497 illustrations, 24 in colour" | ||
| 650 | 7 |
_aArte celta _2embne _9159033 |
|
| 700 | 1 |
_aMegaw, Vincent. _9160325 |
|
| 852 |
_aES-MaACL _jL-30509 _z. - Donat. Miguel A. Velasco |
||
| 999 |
_c185726 _d185726 |
||